| Record ID | ia:joebeanagle00agle |
| Source | Internet Archive |
| Download MARC XML | https://archive.org/download/joebeanagle00agle/joebeanagle00agle_marc.xml |
| Download MARC binary | https://www.archive.org/download/joebeanagle00agle/joebeanagle00agle_meta.mrc |
LEADER: 00530nam a22001931 4500
001 1224531
003 BIBLIOS
005 19760324000000.0
008 740801s1967 nyua j 00000 eng
010 $a 66031695
035 $a(DLC) 66031695
040 $aBIBLIOS
050 0 $aPZ7.A2678$bJo
100 10 $aAgle, Nan Hayden.
245 10 $aJoe Bean.$cIllustrated by Velma Ilsley.
260 0 $aNew York,$bSeabury Press$c[c1967]
300 $a126 p.$billus.$c21 cm.
998 $d1224531$a66031695$cJoeBean
998 $d1224531$a66031695$cJoeBean